[Event "Vojvodina-chT"]
[Site "Pancevo"]
[Date "2005.10.05"]
[Round "4"]
[White "Ivkovic, Dragan"]
[Black "Stojkovic, Nenad"]
[Result "1/2-1/2"]
[WhiteElo "2257"]
[BlackElo "2081"]
[PlyCount "117"]
[EventDate "2005.10.03"]
[EventType "team"]
[EventRounds "9"]
[EventCountry "YUG"]
[SourceTitle "CBM 108 Extra"]
[Source "ChessBase"]
[SourceDate "2005.11.04"]
[SourceVersion "1"]
[SourceVersionDate "2005.11.04"]
[SourceQuality "1"]

1. e4 c5 2. Nc3 Nc6 3. f4 g6 4. Nf3 Bg7 5. Bb5 d6 6. d3 Bd7 7. a4 e6 8. Bd2 Nge7 9. 0-0 0-0 10. Qe1 Nd4 11. Rc1 Bxb5 12. axb5 Qb6 13. Qh4 Rfe8 14. g4 f5 15. gxf5 exf5 16. Kh1 fxe4 17. dxe4 d5 18. Nxd5 Nxd5 19. exd5 Re2 20. Bc3 Qd6 21. Bxd4 cxd4 22. Rfe1 Rae8 23. Rxe2 Rxe2 24. Re1 Bf6 25. Qg3 Rxe1+ 26. Qxe1 Qxd5 27. Qe8+ Kg7 28. Kg2 d3 29. cxd3 Qxd3 30. Ne5 Qe4+ 31. Kg3 Qe3+ 32. Kg2 Qe2+ 33. Kg3 Qe1+ 34. Kf3 Qf1+ 35. Kg3 Qe1+ 36. Kf3 Qd1+ 37. Kg3 Qd5 38. b4 Qb3+ 39. Kg2 Qd5+ 40. Kg3 g5 41. Qd7+ Qxd7 42. Nxd7 gxf4+ 43. Kxf4 Be7 44. Kf5 Bxb4 45. Nf6 a5 46. bxa6 bxa6 47. Nd5 Bd6 48. h3 a5 49. Nb6 Bc5 50. Na4 Bf2 51. Nb2 Kh6 52. Kg4 Bd4 53. Na4 Kg6 54. Kf4 Kh5 55. Kg3 Be5+ 56. Kg2 Kh4 57. Nc5 Bd4 58. Nb3 Bc3 59. Nxa5 1/2-1/2

[Event "Vojvodina-chT"]
[Site "Pancevo"]
[Date "2005.10.04"]
[Round "2"]
[White "Ivkovic, Dragan"]
[Black "Roganovic, Milos"]
[Result "0-1"]
[WhiteElo "2257"]
[BlackElo "2244"]
[PlyCount "74"]
[EventDate "2005.10.03"]
[EventType "team"]
[EventRounds "9"]
[EventCountry "YUG"]
[SourceTitle "CBM 108 Extra"]
[Source "ChessBase"]
[SourceDate "2005.11.04"]
[SourceVersion "1"]
[SourceVersionDate "2005.11.04"]
[SourceQuality "1"]

1. e4 d5 2. exd5 Nf6 3. Nc3 Nxd5 4. Nxd5 Qxd5 5. Nf3 Nc6 6. Be2 e5 7. d3 Bc5 8. 0-0 0-0 9. c3 a5 10. Qc2 Bg4 11. Be3 Rad8 12. d4 exd4 13. cxd4 Bb6 14. Bc4 Qh5 15. Ng5 Nxd4 16. Qe4 Bf5 17. Qxb7 Bg6 18. Rac1 h6 19. Nh3 Rb8 20. Qa6 Ra8 21. Qb7 Ra7 22. Qd5 Qxd5 23. Bxd5 Ne2+ 24. Kh1 Nxc1 25. Bxc1 Rd8 26. Nf4 Bh7 27. Bf3 Bd4 28. Kg1 c5 29. Nd5 Bf5 30. b3 a4 31. Ne3 Be6 32. Nc4 axb3 33. axb3 Rb8 34. Bd1 Bxc4 35. bxc4 Ra2 36. Bf4 Rb1 37. h3 Rxf2 0-1